Patterns of community change among ammonia oxidizers in meadow soils upon long-term incubation at different temperatures /

保存先:
書誌詳細
第一著者: Avrahami, Sharon.
その他の著者: Conrad, Ralf.
フォーマット: 論文
言語:English
主題:
タグ: タグ追加
タグなし, このレコードへの初めてのタグを付けませんか!
Thư viện lưu trữ: Thư viện Trường Đại học Đà Lạt
LEADER 00956nam a2200313 4500
001 DLU090092847
005 ##20091201
040 # # |a DLU  |b eng 
041 # # |a eng 
044 # # |a us 
100 # # |a Avrahami, Sharon.  
245 # # |a Patterns of community change among ammonia oxidizers in meadow soils upon long-term incubation at different temperatures /  |c Sharon Avrahami, Ralf Conrad. 
653 # # |a Ammonia 
653 # # |a Bacteria 
653 # # |a Incubation 
653 # # |a Microbial community 
653 # # |a Oxidation  
653 # # |a Soil 
700 # # |a Conrad, Ralf.  
773 # # |t Applied and Environmental Microbiology  |g Vol. 69, no. 10 (October 2003), p. 6152-6164 
920 # # |a Phòng Tạp chí -- Trung tâm Thông tin - Thư viện Trường Đại học Đà Lạt 
994 # # |a DLU 
900 # # |a True 
911 # # |a Trương Bảo Trâm Anh 
925 # # |a G 
926 # # |a A 
927 # # |a BB 
980 # # |a Thư viện Trường Đại học Đà Lạt